000 01858cab a2200397 4500
001 ABS58872
008 090401t1998 xxu||||| |||| 00| 0 eng d
035 _a(Sirsi) u87263
041 _aeng
100 _aMurdoch, J.
245 _aContributory negligence involving overseas European banks in property valuation negligence cases in the UK
260 _c1998
350 _a0
490 _aJournal of Property Valuation and Investment
_v16(3) 1998, 273-296(24)
520 _aExamines cross-border real estate investment and lending on property transactions in Europe. Includes ananalysis of decided negligence cases involving property lending in the UK since 1977, identifying those cases involving overseas, mainly European, lenders. Comments on successful grounds for pleas of contributory negligence and identifies issues which could be addressed between the overseas lender and valuer to diminish the chances of the transaction ending in a professional liability action. References.
650 _aBANQUE BRUXELLES LAMBERT SA V EAGLE STAR INSURANCE
650 _aBNP MORTGAGES LTD V GOADSBY AND HARDING
650 _aCOMMERCIAL
650 _aCONTRIBUTORY NEGLIGENCE
650 _aEUROPE
650 _aEUROPEAN MORTGAGE FEDERATION
650 _aINVESTMENT
650 _aLENDERS
650 _aNEGLIGENCE
650 _aNYCKELN FINANCE CO LTD V EDWARD SYMMONS AND PARTNERS
650 _aNYCKELN FINANCE CO LTD V STUMPBROOK CONTINUATION LTD
650 _aOVERSEAS BANKS
650 _aPK FINANS INTERNATIONAL (UK)LTD V ANDREW DOWNS & CO LTD
650 _aRESIDENTIAL
650 _aSOUTH AUSTRALIA ASSET MANAGEMENT CORPORATION V YORK MONTAGUE LTD
690 _aPROPERTY-COMMERCIAL PROPERTY-COMMERCIAL PROPERTY APPRAISAL AND VALUATION
700 _aLavers, A.
700 _aCrosby, N.
942 _n0
948 _c07/07/1998
999 _c55032
_d55032